[Event "Coventry International"]
[Site "Coventry"]
[Date "2025.10.28"]
[Round "5.13"]
[White "Hanache, Kai"]
[Black "Vijayakumar, Rishi"]
[Result "0-1"]
[WhiteElo "2122"]
[BlackElo "2300"]
[PlyCount "112"]
[EventDate "2025.10.26"]
[EventType "swiss"]
[EventRounds "9"]
[EventCountry "ENG"]
[SourceTitle "BritBase"]
[Source "John Saunders"]
[SourceDate "2025.10.31"]
[SourceVersion "1"]
[SourceVersionDate "2025.10.31"]
[SourceQuality "1"]

1. e4 e5 2. Nf3 Nc6 3. Bb5 a6 4. Ba4 Nf6 5. O-O Be7 6. Re1 b5 7. Bb3 O-O 8. a4 b4 9. d4 d6 10. h3 exd4 11. Nxd4 Na5 12. c3 Nxb3 13. Qxb3 Bb7 14. Qxb4 Rb8 15. Nf5 Bxe4 16. Nxe7+ Qxe7 17. Qc4 Qe6 18. Qxe6 fxe6 19. Nd2 Bf5 20. g4 Bg6 21. Rxe6 Nd7 22. Re3 Ne5 23. b3 Nd3 24. Ba3 Nxf2 25. Rf1 Nd3 26. Rxf8+ Rxf8 27. Re7 Rf2 28. Nc4 Ra2 29. Rxc7 Ne1 30. Bxd6 Nf3+ 31. Kh1 Be4 32. Re7 Re2 33. a5 Nd2+ 34. Kg1 Rg2+ 35. Kh1 Re2+ 36. Kg1 Rg2+ 37. Kh1 Rxg4+ 38. Rxe4 Rxe4 39. Nxd2 Re1+ 40. Kg2 Re2+ 41. Kf3 Rxd2 42. Bc5 Rd3+ 43. Ke4 Rxc3 44. b4 Rxh3 45. Kd5 Rb3 46. Kc6 h5 47. Kb7 h4 48. Kxa6 h3 49. Bd6 Rxb4 50. Ka7 Rb2 51. a6 h2 52. Bxh2 Rxh2 53. Ka8 Ra2 54. a7 g5 55. Kb7 g4 56. a8=N Rxa8 0-1

[Event "Coventry International"]
[Site "Coventry"]
[Date "2025.10.28"]
[Round "5.14"]
[White "Berry, Neil"]
[Black "Zhang, Junyi"]
[Result "0-1"]
[WhiteElo "2266"]
[BlackElo "2058"]
[PlyCount "74"]
[EventDate "2025.10.26"]
[EventType "swiss"]
[EventRounds "9"]
[EventCountry "ENG"]
[SourceTitle "BritBase"]
[Source "John Saunders"]
[SourceDate "2025.10.31"]
[SourceVersion "1"]
[SourceVersionDate "2025.10.31"]
[SourceQuality "1"]

1. d4 Nf6 2. c4 e6 3. Nf3 d5 4. g3 dxc4 5. Bg2 c5 6. O-O Nc6 7. Ne5 Bd7 8. Nxc4 cxd4 9. Bf4 Be7 10. Nd6+ Kf8 11. Nxb7 Qb6 12. Nd6 Qc5 13. b4 Qxb4 14. a3 Qc5 15. Nd2 e5 16. N2e4 Nxe4 17. Nxe4 Qa5 18. Bd2 Qd8 19. f4 g6 20. fxe5 Kg7 21. Nd6 Nxe5 22. Bxa8 Bxd6 23. Bd5 Bh3 24. Qc1 Re8 25. Bg5 Be7 26. Bh6+ Kg8 27. Ba2 Bxf1 28. Qxf1 d3 29. exd3 Bf6 30. Rd1 Ng4 31. Bc1 Bd4+ 32. Kg2 Qa8+ 33. Kh3 Nf2+ 34. Kh4 Bf6+ 35. Bg5 Bxg5+ 36. Kxg5 Qd8+ 37. Kh6 Ng4# 0-1

[Event "Coventry International"]
[Site "Coventry"]
[Date "2025.10.28"]
[Round "5.15"]
[White "Verma, Aditya"]
[Black "Burrows, Martin P"]
[Result "1/2-1/2"]
[WhiteElo "2164"]
[BlackElo "2088"]
[PlyCount "81"]
[EventDate "2025.10.26"]
[EventType "swiss"]
[EventRounds "9"]
[EventCountry "ENG"]
[SourceTitle "BritBase"]
[Source "John Saunders"]
[SourceDate "2025.10.31"]
[SourceVersion "1"]
[SourceVersionDate "2025.10.31"]
[SourceQuality "1"]

1. e4 c5 2. Nf3 d6 3. d4 cxd4 4. Nxd4 Nf6 5. Nc3 a6 6. Be3 e5 7. Nb3 Be6 8. Qd2 Nbd7 9. f3 h5 10. Nd5 Bxd5 11. exd5 g6 12. Na5 Qc7 13. Be2 Bg7 14. O-O e4 15. f4 Ng4 16. Bxg4 hxg4 17. Bd4 Bxd4+ 18. Qxd4 O-O-O 19. Nc4 Rh5 20. g3 Rdh8 21. Rf2 f5 22. a4 Nc5 23. Ra3 a5 24. Rc3 b6 25. Qf6 Kb8 26. Nxd6 Nd7 27. Qxg6 Nc5 28. Nb5 Qb7 29. Qd6+ Ka8 30. Nc7+ Ka7 31. Nb5+ Ka8 32. Qe5 Qh7 33. Rxc5 bxc5 34. Nc7+ Kb7 35. d6 Rxh2 36. Qd5+ Kb6 37. Na8+ Ka7 38. Qxc5+ Kxa8 39. Qxa5+ Kb7 40. Qb5+ Ka7 41. Qa5+ 1/2-1/2

[Event "Coventry International"]
[Site "Coventry"]
[Date "2025.10.28"]
[Round "5.16"]
[White "Sasikumar, Srivathsan"]
[Black "Navrotescu, Andreea-Cristiana"]
[Result "0-1"]
[WhiteElo "2021"]
[BlackElo "2257"]
[PlyCount "46"]
[EventDate "2025.10.26"]
[EventType "swiss"]
[EventRounds "9"]
[EventCountry "ENG"]
[SourceTitle "BritBase"]
[Source "John Saunders"]
[SourceDate "2025.10.31"]
[SourceVersion "1"]
[SourceVersionDate "2025.10.31"]
[SourceQuality "1"]

1. e4 e6 2. d4 d5 3. Be3 dxe4 4. Nd2 Nf6 5. c3 Be7 6. Qc2 Nd5 7. Qxe4 f5 8. Qf3 f4 9. Bxf4 O-O 10. g3 g5 11. Nh3 gxf4 12. gxf4 Kh8 13. Bd3 Qe8 14. Ne4 e5 15. dxe5 Bxh3 16. Qxh3 Nxf4 17. Qf3 Nc6 18. Bf1 Nxe5 19. Qe3 Qh5 20. Ng3 Nf3+ 21. Kd1 Qd5+ 22. Kc2 Bc5 23. Qe4 Qd2+ 0-1

[Event "Coventry International"]
[Site "Coventry"]
[Date "2025.10.28"]
[Round "5.17"]
[White "Latt, Maung M"]
[Black "Hariharan, Shambavi"]
[Result "0-1"]
[WhiteElo "2140"]
[BlackElo "1989"]
[PlyCount "80"]
[EventDate "2025.10.26"]
[EventType "swiss"]
[EventRounds "9"]
[EventCountry "ENG"]
[SourceTitle "BritBase"]
[Source "John Saunders"]
[SourceDate "2025.10.31"]
[SourceVersion "1"]
[SourceVersionDate "2025.10.31"]
[SourceQuality "1"]

1. d4 Nf6 2. Nf3 e6 3. e3 c5 4. Bd3 b6 5. b3 Bb7 6. Nbd2 Be7 7. Bb2 O-O 8. O-O d5 9. Ne5 Nbd7 10. f4 Ne4 11. Qe2 f5 12. Rad1 cxd4 13. exd4 Nxe5 14. fxe5 Rc8 15. c4 Ba6 16. a3 Rc7 17. Bxe4 fxe4 18. Qg4 Bc8 19. Rde1 Bg5 20. Rxf8+ Kxf8 21. Nf1 dxc4 22. Qxe4 Kg8 23. bxc4 Rxc4 24. Rd1 Qe7 25. Qd3 Rc7 26. g3 Bb7 27. h4 Bxh4 28. gxh4 Qxh4 29. Qg3 Qh1+ 30. Kf2 Rf7+ 31. Ke2 Bf3+ 32. Kd2 Bxd1 33. Ne3 Qf3 34. Qg5 Qe2+ 35. Kc1 Ba4 36. Kb1 h6 37. Qd8+ Rf8 38. Qe7 Qxe3 39. Qxe6+ Kh8 40. Bc1 Qd3+ 0-1

[Event "Coventry International"]
[Site "Coventry"]
[Date "2025.10.28"]
[Round "5.18"]
[White "Doran, Chris"]
[Black "Luk, Danbe"]
[Result "1/2-1/2"]
[WhiteElo "1972"]
[BlackElo "2131"]
[PlyCount "59"]
[EventDate "2025.10.26"]
[EventType "swiss"]
[EventRounds "9"]
[EventCountry "ENG"]
[SourceTitle "BritBase"]
[Source "John Saunders"]
[SourceDate "2025.10.31"]
[SourceVersion "1"]
[SourceVersionDate "2025.10.31"]
[SourceQuality "1"]

1. e4 c5 2. Nf3 e6 3. Nc3 Nc6 4. d4 cxd4 5. Nxd4 Nf6 6. Ndb5 d6 7. Bf4 e5 8. Bg5 a6 9. Na3 b5 10. Bxf6 gxf6 11. Nd5 f5 12. c3 Bg7 13. exf5 Bxf5 14. Nc2 O-O 15. Nce3 Be6 16. Bd3 f5 17. O-O Kh8 18. a4 e4 19. Nf4 Bf7 20. axb5 Ne5 21. Be2 Bh6 22. Ned5 axb5 23. Rxa8 Qxa8 24. f3 Nd3 25. Bxd3 Bxd5 26. Nxd5 Qxd5 27. fxe4 fxe4 28. Rxf8+ Bxf8 29. Qf1 Bg7 30. Bxb5 1/2-1/2

[Event "Coventry International"]
[Site "Coventry"]
[Date "2025.10.28"]
[Round "5.19"]
[White "Sieczkowski, Adam"]
[Black "Pal, Rohan"]
[Result "0-1"]
[WhiteElo "1909"]
[BlackElo "2101"]
[PlyCount "130"]
[EventDate "2025.10.26"]
[EventType "swiss"]
[EventRounds "9"]
[EventCountry "ENG"]
[SourceTitle "BritBase"]
[Source "John Saunders"]
[SourceDate "2025.10.31"]
[SourceVersion "1"]
[SourceVersionDate "2025.10.31"]
[SourceQuality "1"]

1. d4 Nf6 2. c4 e6 3. Nc3 d5 4. Nf3 Be7 5. g3 O-O 6. Bg2 c6 7. O-O Nbd7 8. b3 b6 9. cxd5 cxd5 10. Bf4 a6 11. Qd3 Bb7 12. Ne5 Nxe5 13. Bxe5 Rc8 14. Rfd1 b5 15. a3 Bxa3 16. Bxf6 Qxf6 17. Nxd5 exd5 18. Rxa3 b4 19. Ra4 Rc3 20. Qd2 Qb6 21. Rb1 Rfc8 22. Bf3 Bc6 23. Ra2 h6 24. Qf4 Ra8 25. e3 a5 26. h4 a4 27. bxa4 b3 28. Rab2 Rxa4 29. Qf5 Qb7 30. Bd1 Rb4 31. Rxb3 Rcxb3 32. Rxb3 Rxb3 33. Bxb3 Qxb3 34. Qc8+ Kh7 35. Qf5+ Kg8 36. Qc8+ Kh7 37. Qxc6 Qb1+ 38. Kg2 Qe4+ 39. Kf1 Qf3 40. Ke1 Qe4 41. Kd2 Qf3 42. Qc2+ g6 43. Kc3 Qf6 44. Qa2 Qc6+ 45. Kd2 h5 46. e4 Qf6 47. Ke3 dxe4 48. Kxe4 Qf5+ 49. Ke3 Kg7 50. Qa8 Qc2 51. Qe4 Qc1+ 52. Kf3 Qh1+ 53. Kf4 Qc1+ 54. Qe3 Qc4 55. Qe5+ Kg8 56. Kg5 Qc1+ 57. Qf4 Qc4 58. Qf6 Qc1+ 59. f4 Qc8 60. d5 Qf8 61. d6 Kh7 62. Qe7 Qh6+ 63. Kf6 Qg7+ 64. Kg5 f6+ 65. Qxf6 Qh6# 0-1

[Event "Coventry International"]
[Site "Coventry"]
[Date "2025.10.28"]
[Round "5.20"]
[White "Amir, Zain"]
[Black "Pilley, Jack"]
[Result "0-1"]
[WhiteElo "1690"]
[BlackElo "2041"]
[PlyCount "50"]
[EventDate "2025.10.26"]
[EventType "swiss"]
[EventRounds "9"]
[EventCountry "ENG"]
[SourceTitle "BritBase"]
[Source "John Saunders"]
[SourceDate "2025.10.31"]
[SourceVersion "1"]
[SourceVersionDate "2025.10.31"]
[SourceQuality "1"]

1. d4 Nf6 2. Bf4 c6 3. e3 Qb6 4. b3 d6 5. Nf3 Nh5 6. Bg3 Nxg3 7. hxg3 g6 8. Nbd2 Bg7 9. Rc1 Bg4 10. Be2 Nd7 11. O-O O-O 12. Nc4 Qc7 13. d5 c5 14. e4 b5 15. Ne3 Bxf3 16. gxf3 Qa5 17. Qd3 Rfb8 18. f4 Qxa2 19. f5 a5 20. fxg6 hxg6 21. f4 a4 22. bxa4 Rxa4 23. Rb1 Rd4 24. Qb3 Qxb3 25. Rxb3 Rxe4 0-1

[Event "Coventry International"]
[Site "Coventry"]
[Date "2025.10.28"]
[Round "5.21"]
[White "Brett, Andrew R"]
[Black "Ward, Cian"]
[Result "1/2-1/2"]
[WhiteElo "2034"]
[BlackElo "1909"]
[PlyCount "26"]
[EventDate "2025.10.26"]
[EventType "swiss"]
[EventRounds "9"]
[EventCountry "ENG"]
[SourceTitle "BritBase"]
[Source "John Saunders"]
[SourceDate "2025.10.31"]
[SourceVersion "1"]
[SourceVersionDate "2025.10.31"]
[SourceQuality "1"]

1. d4 e6 2. c4 Nf6 3. Nf3 d5 4. Nbd2 dxc4 5. Nxc4 Bb4+ 6. Bd2 Bxd2+ 7. Qxd2 O-O 8. g3 b6 9. Bg2 Bb7 10. O-O Nbd7 11. Rfd1 Qe7 12. Nce5 c5 13. Nxd7 Nxd7 1/2-1/2

[Event "Coventry International"]
[Site "Coventry"]
[Date "2025.10.28"]
[Round "5.22"]
[White "Verbytski, Oleg"]
[Black "Gunarathne, Senith"]
[Result "1/2-1/2"]
[WhiteElo "2092"]
[BlackElo "1849"]
[PlyCount "78"]
[EventDate "2025.10.26"]
[EventType "swiss"]
[EventRounds "9"]
[EventCountry "ENG"]
[SourceTitle "BritBase"]
[Source "John Saunders"]
[SourceDate "2025.10.31"]
[SourceVersion "1"]
[SourceVersionDate "2025.10.31"]
[SourceQuality "1"]

1. e4 c5 2. Nf3 d6 3. d4 cxd4 4. Nxd4 Nf6 5. Nc3 a6 6. Be2 e5 7. Nb3 Be7 8. Be3 Be6 9. O-O O-O 10. Bf3 Nbd7 11. a4 b6 12. Nd2 Qc7 13. Nd5 Bxd5 14. exd5 b5 15. axb5 axb5 16. Rxa8 Rxa8 17. c3 Nc5 18. Bxc5 Qxc5 19. Qb3 Ra4 20. Rd1 e4 21. Re1 exf3 22. Rxe7 Ra1+ 23. Nf1 Kf8 24. Re3 fxg2 25. Kxg2 Qxd5+ 26. Qxd5 Nxd5 27. Re4 Ra4 28. Rxa4 bxa4 29. Kf3 f5 30. Nd2 Ke7 31. Ke2 Ke6 32. Kd3 g5 33. Nf3 h6 34. Kc4 Nf4 35. Ne1 Nh3 36. Nd3 Ng1 37. Ne1 Nh3 38. Nd3 Ng1 39. Ne1 Nh3 1/2-1/2

[Event "Coventry International"]
[Site "Coventry"]
[Date "2025.10.28"]
[Round "5.23"]
[White "Ratcliffe, James"]
[Black "Fellowes, Billy"]
[Result "1/2-1/2"]
[WhiteElo "1773"]
[BlackElo "2184"]
[PlyCount "93"]
[EventDate "2025.10.26"]
[EventType "swiss"]
[EventRounds "9"]
[EventCountry "ENG"]
[SourceTitle "BritBase"]
[Source "John Saunders"]
[SourceDate "2025.10.31"]
[SourceVersion "1"]
[SourceVersionDate "2025.10.31"]
[SourceQuality "1"]

1. e4 Nc6 2. d4 d5 3. e5 Bf5 4. c3 f6 5. f4 e6 6. Bd3 Nh6 7. Nf3 Be7 8. Bxf5 Nxf5 9. O-O fxe5 10. fxe5 O-O 11. Qd3 Qe8 12. Bg5 Bxg5 13. Nxg5 Qg6 14. Nf3 Nfxd4 15. Qxg6 Nxf3+ 16. Rxf3 hxg6 17. Nd2 b5 18. Re1 Rf5 19. Rfe3 Raf8 20. R3e2 Rg5 21. Re3 Rff5 22. Nf3 Rg4 23. h3 Ra4 24. a3 Kf8 25. g3 Rh5 26. Kg2 Ke8 27. g4 Rh8 28. Ng5 Ke7 29. Rf3 Nd8 30. Ref1 Re8 31. Nh7 Re4 32. Nf8 Re2+ 33. Kg3 Rxb2 34. Nxg6+ Kd7 35. h4 c5 36. g5 d4 37. cxd4 cxd4 38. h5 Rg8 39. Rf8 Rxf8 40. Nxf8+ Ke8 41. h6 gxh6 42. g6 Rb3+ 43. Kh4 Rb2 44. Kg3 Rb3+ 45. Kh4 Rb2 46. Kg3 Rb3+ 47. Kh4 1/2-1/2

[Event "Coventry International"]
[Site "Coventry"]
[Date "2025.10.28"]
[Round "5.24"]
[White "Dupuis, Denis K"]
[Black "Dissanayake, Sathsara"]
[Result "1-0"]
[WhiteElo "2013"]
[BlackElo "1845"]
[PlyCount "69"]
[EventDate "2025.10.26"]
[EventType "swiss"]
[EventRounds "9"]
[EventCountry "ENG"]
[SourceTitle "BritBase"]
[Source "John Saunders"]
[SourceDate "2025.10.31"]
[SourceVersion "1"]
[SourceVersionDate "2025.10.31"]
[SourceQuality "1"]

1. e4 c5 2. Nc3 a6 3. g3 b5 4. Bg2 Bb7 5. d3 e6 6. f4 Nf6 7. Qe2 b4 8. e5 Nc6 9. exf6 bxc3 10. bxc3 Qa5 11. Bd2 gxf6 12. f5 O-O-O 13. Nh3 h5 14. c4 Qc7 15. Bc3 Nd4 16. Bxd4 cxd4 17. Rb1 Bc6 18. O-O e5 19. Nf2 h4 20. g4 Be7 21. h3 d6 22. Be4 Kd7 23. Qf3 Rb8 24. Bxc6+ Qxc6 25. Qxc6+ Kxc6 26. Rb3 Rxb3 27. axb3 Ra8 28. Ra1 a5 29. Ne4 Kc7 30. Kf2 Kc6 31. Nd2 Bf8 32. Ra4 Bh6 33. Ne4 Bg5 34. b4 Rb8 35. b5+ 1-0

[Event "Coventry International"]
[Site "Coventry"]
[Date "2025.10.28"]
[Round "5.25"]
[White "Liu, Jacob"]
[Black "Keerthi Kumar, Advait"]
[Result "0-1"]
[WhiteElo "1902"]
[BlackElo "1968"]
[PlyCount "102"]
[EventDate "2025.10.26"]
[EventType "swiss"]
[EventRounds "9"]
[EventCountry "ENG"]
[SourceTitle "BritBase"]
[Source "John Saunders"]
[SourceDate "2025.10.31"]
[SourceVersion "1"]
[SourceVersionDate "2025.10.31"]
[SourceQuality "1"]

1. e4 c6 2. d4 d5 3. Nc3 dxe4 4. Nxe4 Bf5 5. Ng3 Bg6 6. N1e2 Nf6 7. Nf4 e5 8. dxe5 Qa5+ 9. c3 Qxe5+ 10. Be2 Bc5 11. O-O O-O 12. Re1 Nbd7 13. Nxg6 hxg6 14. Bg4 Qc7 15. Bxd7 Nxd7 16. Be3 Bxe3 17. Rxe3 Nf6 18. Qa4 a5 19. Rae1 Rae8 20. Rxe8 Rxe8 21. Rxe8+ Nxe8 22. h3 Nf6 23. Ne4 Qe5 24. Nxf6+ gxf6 25. Qb3 b5 26. a4 Qe1+ 27. Kh2 Qxf2 28. axb5 Qf4+ 29. Kh1 Qf1+ 30. Kh2 cxb5 31. Qd5 Qf4+ 32. Kh1 Qf1+ 33. Kh2 a4 34. Qd6 Kg7 35. Qd4 Qe2 36. Qb4 Qe5+ 37. Kg1 f5 38. Kf2 f4 39. Kf1 g5 40. c4 bxc4 41. Qxa4 Qd5 42. Qc2 Kf6 43. Qc3+ Ke6 44. Kf2 Qe4 45. Qa3 Qd4+ 46. Ke2 Qd5 47. Qa6+ Ke5 48. Kf1 f3 49. gxf3 Qxf3+ 50. Ke1 Qxh3 51. Qxc4 Qe3+ 0-1

[Event "Coventry International"]
[Site "Coventry"]
[Date "2025.10.28"]
[Round "5.26"]
[White "Vaidyanathan, Sathya"]
[Black "Vaidyanathan, Avinash"]
[Result "0-1"]
[WhiteElo "1770"]
[BlackElo "1949"]
[PlyCount "102"]
[EventDate "2025.10.26"]
[EventType "swiss"]
[EventRounds "9"]
[EventCountry "ENG"]
[SourceTitle "BritBase"]
[Source "John Saunders"]
[SourceDate "2025.10.31"]
[SourceVersion "1"]
[SourceVersionDate "2025.10.31"]
[SourceQuality "1"]

1. e4 c5 2. c3 d5 3. exd5 Qxd5 4. d4 e5 5. dxe5 Qxd1+ 6. Kxd1 Bf5 7. f4 Nc6 8. Nf3 O-O-O+ 9. Bd2 f6 10. Bb5 Nge7 11. exf6 gxf6 12. Ke2 a6 13. Bxc6 Nxc6 14. Kf2 c4 15. Be3 Bd6 16. Nbd2 b5 17. g3 Rhe8 18. Rhe1 Bc7 19. Nd4 Bd7 20. Nxc6 Bxc6 21. Bd4 Bb6 22. Rxe8 Bxd4+ 23. cxd4 Bxe8 24. Nf3 Bc6 25. Rd1 Kc7 26. a3 Kb6 27. Ne1 Ka5 28. Nc2 Ka4 29. Ne3 Kb3 30. Rd2 Be4 31. Nd1 Bd3 32. Ke3 Re8+ 33. Kf2 a5 34. h3 b4 35. axb4 axb4 36. g4 Re4 37. Kf3 Rxd4 38. g5 fxg5 39. fxg5 c3 40. bxc3 bxc3 41. Nxc3 Kxc3 42. Rh2 Bg6 43. h4 Bh5+ 44. Ke3 Ra4 45. Rh1 Ra7 46. Kf4 Kd4 47. Rh2 Rf7+ 48. Kg3 Rf3+ 49. Kg2 Ra3 50. g6 hxg6 51. Kg1 Ra1+ 0-1

[Event "Coventry International"]
[Site "Coventry"]
[Date "2025.10.28"]
[Round "5.27"]
[White "Udovenko, Daniel Alexander"]
[Black "Mehmood, Muhammed"]
[Result "1-0"]
[WhiteElo "1945"]
[BlackElo "1660"]
[PlyCount "83"]
[EventDate "2025.10.26"]
[EventType "swiss"]
[EventRounds "9"]
[EventCountry "ENG"]
[SourceTitle "BritBase"]
[Source "John Saunders"]
[SourceDate "2025.10.31"]
[SourceVersion "1"]
[SourceVersionDate "2025.10.31"]
[SourceQuality "1"]

1. d4 Nf6 2. c4 g6 3. Nc3 Bg7 4. e4 d6 5. f3 O-O 6. Be3 c5 7. Nge2 Nc6 8. d5 Ne5 9. Ng3 e6 10. Be2 exd5 11. cxd5 a6 12. a4 Bd7 13. O-O b5 14. h3 b4 15. Nb1 Bc8 16. f4 Ned7 17. Nd2 h5 18. Qb3 Re8 19. Bf3 Bb7 20. Rfe1 Qc7 21. Rac1 Rac8 22. Nh1 a5 23. Qd3 Nb6 24. b3 Nfd7 25. Nf2 Bc3 26. Nd1 c4 27. bxc4 Nxa4 28. Nxc3 Nxc3 29. Bd4 Nc5 30. Qc2 N3a4 31. g4 Qd7 32. Kg2 Qd8 33. gxh5 Qh4 34. Bg4 f5 35. Nf3 Qd8 36. exf5 b3 37. Qb1 b2 38. Rcd1 gxh5 39. f6 Rc7 40. Qg6+ Kf8 41. Qh6+ Kg8 42. f7+ 1-0

[Event "Coventry International"]
[Site "Coventry"]
[Date "2025.10.28"]
[Round "5.28"]
[White "Patel, Devan"]
[Black "Shivakumar, Akshath"]
[Result "0-1"]
[WhiteElo "1938"]
[BlackElo "1872"]
[PlyCount "84"]
[EventDate "2025.10.26"]
[EventType "swiss"]
[EventRounds "9"]
[EventCountry "ENG"]
[SourceTitle "BritBase"]
[Source "John Saunders"]
[SourceDate "2025.10.31"]
[SourceVersion "1"]
[SourceVersionDate "2025.10.31"]
[SourceQuality "1"]

1. d4 d5 2. Nf3 e6 3. c4 c6 4. cxd5 exd5 5. Qc2 Nf6 6. Bg5 Be7 7. e3 Ne4 8. Bxe7 Qxe7 9. Bd3 f5 10. Ne5 O-O 11. g3 Nd7 12. Nxd7 Bxd7 13. Nd2 Rac8 14. Nb3 Qb4+ 15. Kf1 b6 16. f3 Qe7 17. Kg2 Nd6 18. Qd2 Be6 19. Rac1 a5 20. Qf2 a4 21. Na1 Ne4 22. Qe1 Nf6 23. Nc2 c5 24. Bb5 Bd7 25. Bxd7 Qxd7 26. Qd2 Rc6 27. b4 axb3 28. axb3 Re6 29. b4 c4 30. Ra1 Rfe8 31. Ra3 f4 32. Re1 Qe7 33. Kh1 fxg3 34. hxg3 Nh5 35. Qf2 Nxg3+ 36. Qxg3 Rh6+ 37. Kg2 Rg6 38. Qxg6 hxg6 39. Rh1 Qg5+ 40. Kf2 Qf5 41. Ra2 Qd3 42. Rh4 Qb3 0-1

[Event "Coventry International"]
[Site "Coventry"]
[Date "2025.10.28"]
[Round "5.29"]
[White "Sandhu, Manvith"]
[Black "Sherwood, Gabriel"]
[Result "1-0"]
[WhiteElo "1937"]
[BlackElo "1851"]
[PlyCount "75"]
[EventDate "2025.10.26"]
[EventType "swiss"]
[EventRounds "9"]
[EventCountry "ENG"]
[SourceTitle "BritBase"]
[Source "John Saunders"]
[SourceDate "2025.10.31"]
[SourceVersion "1"]
[SourceVersionDate "2025.10.31"]
[SourceQuality "1"]

1. e4 e5 2. Nf3 Nc6 3. Bb5 a6 4. Ba4 Nf6 5. d3 b5 6. Bb3 Bc5 7. O-O d6 8. c3 h6 9. h3 Bb6 10. Re1 g5 11. Nh2 g4 12. hxg4 Rg8 13. Qf3 Na5 14. Bd1 Bxg4 15. Nxg4 Nxg4 16. d4 exd4 17. e5 Nxe5 18. Bf4 f6 19. Qd5 Ke7 20. cxd4 Nac4 21. b3 Bxd4 22. Qxd4 Nb6 23. Bf3 Kf7 24. Bd5+ Nxd5 25. Qxd5+ Kg7 26. Bxe5 dxe5 27. Nc3 Qxd5 28. Nxd5 c6 29. Ne7 Rgd8 30. Nxc6 Rd2 31. Red1 Rc2 32. Nb4 Rb2 33. Rab1 Re2 34. Kf1 Re4 35. Nd5 Kg6 36. f3 Rh4 37. Kf2 h5 38. Kg3 1-0

[Event "Coventry International"]
[Site "Coventry"]
[Date "2025.10.28"]
[Round "5.30"]
[White "Tso, Chi Wai"]
[Black "McMahon, Paul"]
[Result "1/2-1/2"]
[WhiteElo "1817"]
[BlackElo "1894"]
[PlyCount "86"]
[EventDate "2025.10.26"]
[EventType "swiss"]
[EventRounds "9"]
[EventCountry "ENG"]
[SourceTitle "BritBase"]
[Source "John Saunders"]
[SourceDate "2025.10.31"]
[SourceVersion "1"]
[SourceVersionDate "2025.10.31"]
[SourceQuality "1"]

1. d4 Nf6 2. c4 e5 3. dxe5 Ng4 4. Nf3 Nc6 5. Bg5 Be7 6. Bxe7 Qxe7 7. Nc3 Ngxe5 8. Nxe5 Nxe5 9. Nd5 Qd6 10. c5 Qc6 11. e4 a6 12. b4 Kd8 13. Rb1 Re8 14. a4 Qg6 15. f3 f5 16. Nf4 Qh6 17. Nd5 fxe4 18. f4 c6 19. fxe5 cxd5 20. Qxd5 Qe3+ 21. Kd1 Qf4 22. Bc4 Qxe5 23. Qd6 b5 24. Bf7 Re7 25. Rf1 Bb7 26. Kc2 e3 27. Bd5 Qxd6 28. cxd6 Bxd5 29. dxe7+ Kxe7 30. Rf4 Re8 31. g3 Kd6 32. a5 g5 33. Rd4 Ke5 34. Kd3 e2 35. Re1 Bc4+ 36. Ke3 Kf5+ 37. Kd2 d5 38. h4 h6 39. Rg1 Ke5 40. Rg4 Kf5 41. Rd4 Ke5 42. Rg4 Kf5 43. Rd4 Ke5 1/2-1/2

[Event "Coventry International"]
[Site "Coventry"]
[Date "2025.10.28"]
[Round "5.31"]
[White "Swiatkowski, Dominik"]
[Black "Parikh, Naavya"]
[Result "1/2-1/2"]
[WhiteElo "1891"]
[BlackElo "1846"]
[PlyCount "56"]
[EventDate "2025.10.26"]
[EventType "swiss"]
[EventRounds "9"]
[EventCountry "ENG"]
[SourceTitle "BritBase"]
[Source "John Saunders"]
[SourceDate "2025.10.31"]
[SourceVersion "1"]
[SourceVersionDate "2025.10.31"]
[SourceQuality "1"]

1. e4 e5 2. Nf3 Nc6 3. Bb5 a6 4. Ba4 Nf6 5. O-O d6 6. c3 Bd7 7. d4 b5 8. Bc2 g6 9. Re1 Bg7 10. Nbd2 O-O 11. Nf1 Nh5 12. Ng3 Nxg3 13. hxg3 Bg4 14. d5 Ne7 15. Be3 f5 16. Qd2 fxe4 17. Bxe4 Nf5 18. Bxf5 Bxf5 19. Nh4 Qe8 20. Nxf5 gxf5 21. Rac1 c5 22. dxc6 Qxc6 23. Rcd1 Rf6 24. Qd5+ Qxd5 25. Rxd5 Kf7 26. Red1 Bf8 27. Bb6 Ke6 28. Bc7 Kd7 1/2-1/2

[Event "Coventry International"]
[Site "Coventry"]
[Date "2025.10.28"]
[Round "5.32"]
[White "Hindol, Ghosh"]
[Black "Ranasinghe, Chaniru"]
[Result "1-0"]
[WhiteElo "1866"]
[BlackElo "1805"]
[PlyCount "49"]
[EventDate "2025.10.26"]
[EventType "swiss"]
[EventRounds "9"]
[EventCountry "ENG"]
[SourceTitle "BritBase"]
[Source "John Saunders"]
[SourceDate "2025.10.31"]
[SourceVersion "1"]
[SourceVersionDate "2025.10.31"]
[SourceQuality "1"]

1. e4 c5 2. Nf3 d6 3. d4 cxd4 4. Nxd4 Nf6 5. Nc3 a6 6. Bg5 e6 7. f4 Be7 8. Qf3 Qc7 9. O-O-O Nbd7 10. Bd3 h6 11. Bh4 g5 12. fxg5 Ne5 13. Qe2 Nfg4 14. Bg3 hxg5 15. Nf3 b5 16. h3 b4 17. hxg4 Rxh1 18. Rxh1 bxc3 19. Rh8+ Kd7 20. Bxe5 dxe5 21. Bb5+ axb5 22. Qxb5+ Kd6 23. Nxe5 Bf6 24. Nc4+ Ke7 25. Qe8# 1-0

[Event "Coventry International"]
[Site "Coventry"]
[Date "2025.10.28"]
[Round "5.33"]
[White "Manickam, Saravanna Bava"]
[Black "Miller, George I"]
[Result "1-0"]
[WhiteElo "1808"]
[BlackElo "1873"]
[PlyCount "47"]
[EventDate "2025.10.26"]
[EventType "swiss"]
[EventRounds "9"]
[EventCountry "ENG"]
[SourceTitle "BritBase"]
[Source "John Saunders"]
[SourceDate "2025.10.31"]
[SourceVersion "1"]
[SourceVersionDate "2025.10.31"]
[SourceQuality "1"]

1. d4 d5 2. c4 e6 3. Nf3 c5 4. cxd5 exd5 5. Nc3 Nf6 6. Bg5 Nc6 7. e3 c4 8. Be2 Be7 9. O-O h6 10. Bxf6 Bxf6 11. b3 Qa5 12. Rc1 cxb3 13. Qxb3 Ne7 14. Bb5+ Kf8 15. Be2 g6 16. Ne1 Kg7 17. Bf3 Rd8 18. Nd3 b6 19. Nb4 Bb7 20. Ne2 Rac8 21. Nf4 Rxc1 22. Rxc1 g5 23. Nh5+ Kg6 24. Qb1+ 1-0